01697nas a2200241Ia 4500001001100000003001000011008004100021040002500062041001300087100002400100210002400124222002400148245010900172250001100281260008700292300001100379310001500390362003700405500043200442501011400874520043200988650003501420R050-S3646IT-CnALBA170116c99999999xx |||||||||||| ||und|| aIT-CnALBAcIT-CnALBA aITALIANO aANGELINI M. IGNAZIA aVIA VERITÀ E VITA aVIA VERITÀ E VITA 0aVIA VERITÀ E VITA. GENNAIO FEBBRAIO 1990. RIVISTA MONOGRAFICA APPROFONDIMENTO PASTORALE CATECHISTICO.  a1a ed. a ROMAbCENTRO CATECHISTICO PAOLINO c1990 [1° Ed.:1990 - Ed.Ling.Originale: 1990] a88 p.  aBIMESTRALE aFascicolo: 126 / Anno: 39 (1990) aLETTURA CRISTIANA ANTICO TESTAMENTO. BOTTINO A. BUZZETTI C. GHIDELLI C. PENNA R. VANNI U. GRUPPI BIBLICI ITALIA. ANTICO TESTAMENTO, CATECHESI, RIFLESSIONI. LETTURA NELLA COMUNITÀ DI MATTEO E LUCA. NEL VANGELO LETTERE DI GIOVANNI E APOCALISSE, LETTURA DELLE LETTERE PAOLINE. LETTURA CRISTIANA, FORMULA SEMPLICE. PREGHIERA CON I SALMI IN NOVITÀ CRISTIANA. E CATECHISMI NAZIONALI. LETTURA PADRI DELLA CHIESA. ANTOLOGIA BREVE.  aSocietà San Paolo EM - Piazza San Paolo, 14 - 12051 ALBA (CN) (non commercial uses only) ® Copyright 2017 aLETTURA CRISTIANA ANTICO TESTAMENTO. BOTTINO A. BUZZETTI C. GHIDELLI C. PENNA R. VANNI U. GRUPPI BIBLICI ITALIA. ANTICO TESTAMENTO, CATECHESI, RIFLESSIONI. LETTURA NELLA COMUNITÀ DI MATTEO E LUCA. NEL VANGELO LETTERE DI GIOVANNI E APOCALISSE, LETTURA DELLE LETTERE PAOLINE. LETTURA CRISTIANA, FORMULA SEMPLICE. PREGHIERA CON I SALMI IN NOVITÀ CRISTIANA. E CATECHISMI NAZIONALI. LETTURA PADRI DELLA CHIESA. ANTOLOGIA BREVE.  aTEOLOGIA PASTORALE - CATECHESI